<?xml version="1.0" encoding="UTF-8"?>
<record
    xmlns:xsi="http://www.w3.org/2001/XMLSchema-instance"
    xsi:schemaLocation="http://www.loc.gov/MARC21/slim http://www.loc.gov/standards/marcxml/schema/MARC21slim.xsd"
    xmlns="http://www.loc.gov/MARC21/slim">

  <leader>01916nam a22002177a 4500</leader>
  <controlfield tag="005">20240301155139.0</controlfield>
  <controlfield tag="008">240301b           ||||| |||| 00| 0 eng d</controlfield>
  <datafield tag="020" ind1=" " ind2=" ">
    <subfield code="a">9781433833106</subfield>
  </datafield>
  <datafield tag="040" ind1=" " ind2=" ">
    <subfield code="c">AL</subfield>
  </datafield>
  <datafield tag="041" ind1=" " ind2=" ">
    <subfield code="a">eng</subfield>
  </datafield>
  <datafield tag="082" ind1=" " ind2=" ">
    <subfield code="2">23</subfield>
    <subfield code="a">649.1</subfield>
    <subfield code="b">DOAN</subfield>
  </datafield>
  <datafield tag="100" ind1=" " ind2=" ">
    <subfield code="a">Stacey N Doan</subfield>
    <subfield code="9">152557</subfield>
  </datafield>
  <datafield tag="245" ind1=" " ind2=" ">
    <subfield code="a">Nature meets nurture </subfield>
    <subfield code="b">: science-based strategies for raising resilient kids</subfield>
  </datafield>
  <datafield tag="260" ind1=" " ind2=" ">
    <subfield code="a">America</subfield>
    <subfield code="b">American Psychological Association</subfield>
    <subfield code="c">2022</subfield>
  </datafield>
  <datafield tag="300" ind1=" " ind2=" ">
    <subfield code="a">xi,350p.</subfield>
    <subfield code="b">PB</subfield>
    <subfield code="c">22x13cm.</subfield>
  </datafield>
  <datafield tag="365" ind1=" " ind2=" ">
    <subfield code="2">General</subfield>
    <subfield code="b">7740</subfield>
    <subfield code="c">&#x20B9;1167.00</subfield>
    <subfield code="e">&#x20B9;1556.00</subfield>
    <subfield code="f">25%</subfield>
    <subfield code="a">15/02/2024</subfield>
  </datafield>
  <datafield tag="520" ind1=" " ind2=" ">
    <subfield code="a">Every parent has pondered "nature vs. nurture" questions. How much of my child's personality and behavior is inborn? How much is learned? This important book, written by behavioral scientists who are also mothers, has answers. This book offers the best parenting practices to foster resilience by encouraging children&#x2019;s social-emotional development and adaptive stress-regulation strategies. The authors translate scientific research into concrete, actionable tips and recommendations to help promote the emotional wellbeing of both child and parent.Authors Stacey N. Doan and Jessica Borelli offer a science-based framework to help show parents and guardians how biology and parenting work together. Although genetics are significant, DNA is not destiny--the die is not cast at birth. Parenting still matters, deeply. Cutting-edge epigenetics research and other recent scientific insights are explained to show that biology and parenting behavior are integrally intertwined.Increasingly competitive schools, looming threats of climate change, and the Covid-19 pandemic have sent many parents' anxiety spiraling out of control. This affects their kids, creating a recurring cycle of stress and worry. This book is here to help.</subfield>
  </datafield>
  <datafield tag="650" ind1=" " ind2=" ">
    <subfield code="2">Parenting, Caregiving</subfield>
    <subfield code="a">Parenting</subfield>
    <subfield code="9">152558</subfield>
  </datafield>
  <datafield tag="700" ind1=" " ind2=" ">
    <subfield code="a">Borelli Jessica L</subfield>
    <subfield code="9">152559</subfield>
  </datafield>
  <datafield tag="942" ind1=" " ind2=" ">
    <subfield code="2">ddc</subfield>
    <subfield code="c">BK</subfield>
  </datafield>
  <datafield tag="999" ind1=" " ind2=" ">
    <subfield code="c">229956</subfield>
    <subfield code="d">229956</subfield>
  </datafield>
  <datafield tag="952" ind1=" " ind2=" ">
    <subfield code="0">0</subfield>
    <subfield code="1">0</subfield>
    <subfield code="2">ddc</subfield>
    <subfield code="4">0</subfield>
    <subfield code="7">0</subfield>
    <subfield code="8">CPSY</subfield>
    <subfield code="a">SACPG</subfield>
    <subfield code="b">SACPG</subfield>
    <subfield code="d">2024-02-24</subfield>
    <subfield code="e">Biblios Book Point</subfield>
    <subfield code="g">1167.00</subfield>
    <subfield code="l">0</subfield>
    <subfield code="o">649.1 DOAN</subfield>
    <subfield code="p">PG024659</subfield>
    <subfield code="r">2024-03-01 00:00:00</subfield>
    <subfield code="v">1556.00</subfield>
    <subfield code="w">2024-03-01</subfield>
    <subfield code="y">BK</subfield>
  </datafield>
</record>
